Chargement en cours...
Sacred Books of the East, Including Selections from the Vedic Hymns the Zend Avesta, The Dhammapada, the Upanishads, The Koran, and the life of Buddha, with critical and biographical sketches
| Auteur principal: | |
|---|---|
| Format: | Printed Book |
| Langue: | English |
| Publié: |
Delhi
Asian Educational Service
1978
|
| Sujets: |
| LEADER | 00807nam a2200253 a 4500 | ||
|---|---|---|---|
| 001 | adlib96000001 | ||
| 003 | ViArRB | ||
| 005 | 20151026130952.0 | ||
| 008 | 960221s1955 dcuabcdjdbkoqu001 0deng d | ||
| 020 | |||
| 022 | |||
| 040 | |a Adlib | ||
| 082 | |a 291.8 | ||
| 245 | |a Sacred Books of the East, Including Selections from the Vedic Hymns the Zend Avesta, The Dhammapada, the Upanishads, The Koran, and the life of Buddha, with critical and biographical sketches | ||
| 250 | |||
| 260 | |a Delhi |b Asian Educational Service |c 1978 | ||
| 300 | |a v, 457 p. | ||
| 500 | |a | ||
| 100 | |a Wilson Epiphanius | ||
| 700 | |||
| 942 | |c BK |6 _ | ||
| 653 | |a Sacred Books | ||
| 999 | |c 17534 |d 17534 | ||
| 952 | |0 0 |1 0 |4 0 |6 2918_WIL |7 0 |9 29069 |a UL |b UL |d 2010-06-16 |l 2 |o 291.8 WIL |p 00014337 |r 2012-02-01 |s 2012-01-17 |w 2010-06-16 |y BK | ||